[Event "40th World Junior Girls"]
[Site "Gandhinagar IND"]
[Date "2024.06.13"]
[Round "11.11"]
[White "Kurmangaliyeva, Liya"]
[Black "Jesumarian, Rebecca"]
[Result "1-0"]
[WhiteTitle "FM"]
[WhiteElo "2282"]
[BlackElo "1866"]
[WhiteFideId "13725831"]
[BlackFideId "35094831"]
[EventDate "2024.06.02"]

1. e4 c5 2. Nf3 d6 3. d4 cxd4 4. Nxd4 Nf6 5. Nc3 a6 6. Be2 e5 7. Nb3 Be6 8. Qd3
Be7 9. Nd5 Nxd5 10. exd5 Bc8 11. a4 O-O 12. a5 f5 13. Nd2 Nd7 14. O-O e4 15. Qa3
Qe8 16. f3 Qg6 17. Nc4 f4 18. fxe4 Qxe4 19. Qd3 Qxd3 20. cxd3 g5 21. Bd2 Nf6 22.
Nb6 Rb8 23. Bb4 Bf5 24. Rfe1 Rf7 25. Bf3 Bf8 26. Bc3 g4 27. Bd1 Nd7 28. Ra4 Nxb6
29. axb6 Bh6 30. Re6 Bg5 31. Rxd6 f3 32. gxf3 gxf3 33. Bxf3 Rbf8 34. Bg2 Be3+
35. Kh1 Bxd3 36. Rg4+ Bg6 37. Re6 Bc5 38. b4 Bf2 39. Be4 Rf4 40. Rxf4 Rxf4 41.
Bxg6 hxg6 42. Rxg6+ Kf8 43. Be5 Rf5 44. Bc7 Bd4 45. Rd6 Rg5 46. h3 Rg1+ 47. Kh2
Rd1 48. Rd8+ Ke7 49. Rb8 Bf6 50. Bd8+ Kf7 51. Rxb7+ Kg6 52. Bxf6 Kxf6 53. Rf7+
Kxf7 54. b7 Rd2+ 55. Kg1 Rxd5 56. b8=Q Rd7 57. Qf4+ Ke7 58. Qe4+ Kf7 59. Qc4+
Ke7 60. Qxa6 1-0

[Event "40th World Junior Girls"]
[Site "Gandhinagar IND"]
[Date "2024.06.13"]
[Round "11.12"]
[White "Sneha Halder"]
[Black "Kanyamarala, Trisha"]
[Result "0-1"]
[BlackTitle "WIM"]
[WhiteElo "1958"]
[BlackElo "2219"]
[WhiteFideId "25693263"]
[BlackFideId "45004722"]
[EventDate "2024.06.02"]

1. f4 d5 2. Nf3 Nf6 3. b3 g6 4. Bb2 Bg7 5. g3 c5 6. Bg2 Nc6 7. O-O d4 8. c3 O-O
9. e3 Ne8 10. e4 Nc7 11. Na3 b5 12. e5 Rb8 13. cxd4 cxd4 14. Rc1 Rb6 15. Ng5 Nb4
16. Nc2 Nxa2 17. Ra1 d3 18. Nd4 Nb4 19. Rxa7 Nca6 20. Bc3 Rb8 21. Kh1 Qb6 22.
Rxe7 Qc5 23. Rxf7 Rxf7 24. Nxf7 Kxf7 25. f5 Kg8 26. f6 Bh6 27. e6 Nd5 28. Nf5
gxf5 29. Qh5 Bxe6 30. Qxh6 Qf8 31. Qg5+ Kf7 32. Qh5+ Kg8 33. Qg5+ Kf7 34. Bf3
Ke8 35. Re1 Kd7 36. Be5 Rc8 37. Kg1 Nab4 38. Ra1 Nc6 39. Bb2 Qg8 40. Qh4 Qf7 41.
Re1 Ra8 42. Bh5 Qf8 43. Bf3 h6 44. Qh5 Ra2 45. Ba1 Rxd2 46. f7 Qxf7 47. Qxh6 Ra2
48. Rd1 Qe7 49. b4 Qxb4 50. Qg7+ Nce7 51. Qd4 Qb3 52. Qc5 d2 53. Kf2 Qc4 54. Qd4
Qxd4+ 55. Bxd4 b4 56. Be3 b3 57. Bxd2 Nc3 0-1

[Event "40th World Junior Girls"]
[Site "Gandhinagar IND"]
[Date "2024.06.13"]
[Round "11.13"]
[White "Ishvi, Aggarwal"]
[Black "Barwinska, Ewa"]
[Result "0-1"]
[WhiteTitle "WCM"]
[BlackTitle "WFM"]
[WhiteElo "1928"]
[BlackElo "2106"]
[WhiteFideId "25728890"]
[BlackFideId "21833761"]
[EventDate "2024.06.02"]

1. d4 Nf6 2. Nf3 g6 3. c4 c5 4. d5 e6 5. Nc3 exd5 6. cxd5 d6 7. g3 Bg7 8. Bg2
O-O 9. O-O Re8 10. Bf4 Na6 11. Re1 Bf5 12. Nh4 Bg4 13. Qd2 Nh5 14. Bh6 Bf6 15.
Nf3 Qd7 16. Ng5 Qe7 17. h3 Bd7 18. g4 Bg7 19. Bxg7 Nxg7 20. Qf4 f5 21. gxf5 Nxf5
22. Ne6 Bxe6 23. dxe6 Nc7 24. Bxb7 Nxe6 25. Bd5 Kg7 26. Bxe6 Qxe6 27. Rad1 Rab8
28. Nd5 Rf8 29. Qa4 Rf7 30. b3 Nd4 31. Rxd4 cxd4 32. Qxd4+ Kg8 33. Rc1 Rbf8 34.
f3 Qxe2 35. Rc3 Re8 36. Ne3 Qxf3 0-1

[Event "40th World Junior Girls"]
[Site "Gandhinagar IND"]
[Date "2024.06.13"]
[Round "11.14"]
[White "Rzali, Sabina"]
[Black "Agajanova, Meryem"]
[Result "1/2-1/2"]
[WhiteTitle "WCM"]
[BlackTitle "WCM"]
[WhiteElo "2073"]
[BlackElo "1955"]
[WhiteFideId "13410920"]
[BlackFideId "14005930"]
[EventDate "2024.06.02"]

1. e4 e6 2. d3 d5 3. Nd2 Nf6 4. Ngf3 c5 5. g3 g6 6. Bg2 Bg7 7. O-O O-O 8. Re1
Nc6 9. c3 a5 10. a4 b6 11. e5 Ng4 12. d4 cxd4 13. cxd4 Ba6 14. Nb1 Nb4 15. Bf1
Bxf1 16. Rxf1 f6 17. h3 Nh6 18. Bf4 Nf7 19. exf6 Qxf6 20. Nc3 Rac8 21. Qe2 g5
22. Be3 h6 23. Kg2 Qf5 24. Rac1 Nd6 25. Nh2 Nc4 26. Rfd1 Rfe8 27. Nf3 Qf7 28.
Nb5 Qd7 29. b3 Nd6 30. Nxd6 Qxd6 31. Bd2 Nc6 32. Bc3 Rc7 33. Qb5 Rb8 34. Bb2 Na7
35. Qa6 Rbc8 36. Rxc7 Rxc7 37. Rc1 Rxc1 38. Bxc1 Qc7 39. Bd2 Nc6 40. Qd3 Qd6 41.
Qg6 Qe7 42. Be3 Qf7 43. Qd3 Qc7 44. Qb5 Kf7 45. Qd3 Kg8 46. Qc2 Qd7 47. Qg6 Qf7
48. Qxf7+ Kxf7 49. Kf1 Ke7 50. Ke2 Kd6 51. Kd3 Nb4+ 52. Ke2 Nc6 53. Kd3 Nb4+ 54.
Kc3 Na6 1/2-1/2

[Event "40th World Junior Girls"]
[Site "Gandhinagar IND"]
[Date "2024.06.13"]
[Round "11.15"]
[White "Bhat Sannidhi Ramakrishna"]
[Black "Donghvani, Nia"]
[Result "1-0"]
[WhiteElo "1842"]
[BlackElo "2070"]
[WhiteFideId "25792695"]
[BlackFideId "13614649"]
[EventDate "2024.06.02"]

1. d4 Nf6 2. Nf3 c5 3. d5 b5 4. Bg5 g6 5. Bxf6 exf6 6. e4 b4 7. Nbd2 Bg7 8. Nc4
O-O 9. Bd3 d6 10. Nfd2 f5 11. exf5 Re8+ 12. Kf1 Ba6 13. a3 Qe7 14. axb4 cxb4 15.
h4 Bb7 16. h5 Bxd5 17. Ne3 Bc6 18. hxg6 fxg6 19. fxg6 Qf6 20. Bc4+ Kf8 21. Nd5
Bxd5 22. Bxd5 Nd7 23. Bxa8 Rxa8 24. gxh7 Qxb2 25. Qf3+ Ke7 26. Re1+ Ne5 27. Qxa8
Qxc2 28. Qxa7+ Kf6 29. Qxg7+ Kxg7 30. h8=Q+ 1-0

[Event "40th World Junior Girls"]
[Site "Gandhinagar IND"]
[Date "2024.06.13"]
[Round "11.16"]
[White "Swara Lakshmi S Nair"]
[Black "Kashthuri, Bhai R"]
[Result "1-0"]
[WhiteTitle "WCM"]
[WhiteElo "2051"]
[BlackElo "1765"]
[WhiteFideId "25629239"]
[BlackFideId "25611607"]
[EventDate "2024.06.02"]

1. e4 e5 2. Nf3 Nc6 3. d4 exd4 4. Nxd4 Nf6 5. Nc3 Bb4 6. Nxc6 bxc6 7. Bd3 d5 8.
exd5 cxd5 9. O-O O-O 10. h3 h6 11. Qf3 Be6 12. Bf4 Bd6 13. Nb5 Bxf4 14. Qxf4 c5
15. Nc7 Rc8 16. Nxe6 fxe6 17. Qe5 Qe8 18. c4 d4 19. Rae1 Rc6 20. f4 Qb8 21. Rf2
Qb4 22. a3 Qb3 23. Qe2 Re8 24. Qf3 Qb6 25. g4 Rc7 26. g5 Nh7 27. Qe4 Nf8 28.
gxh6 g6 29. Rg2 Kh8 30. Qe5+ Kh7 31. Qg5 e5 32. f5 Rc6 33. fxg6+ Nxg6 34. Rxe5
Rxe5 35. Qxe5 Qb7 36. h4 Qd7 37. h5 1-0

[Event "40th World Junior Girls"]
[Site "Gandhinagar IND"]
[Date "2024.06.13"]
[Round "11.17"]
[White "Anupam, M Sreekumar"]
[Black "Shohradova, Lala"]
[Result "0-1"]
[WhiteTitle "WCM"]
[BlackTitle "WFM"]
[WhiteElo "1872"]
[BlackElo "2000"]
[WhiteFideId "45033501"]
[BlackFideId "14004089"]
[EventDate "2024.06.02"]

1. e4 e6 2. d4 d5 3. Bd3 dxe4 4. Bxe4 Nf6 5. Bf3 c5 6. Ne2 Nc6 7. Be3 e5 8.
Bxc6+ bxc6 9. dxe5 Qxd1+ 10. Kxd1 Ng4 11. Nd2 Nxe3+ 12. fxe3 Be7 13. Nf4 O-O 14.
Ke2 f6 15. h3 fxe5 16. Nd3 c4 17. Nxc4 e4 18. Nf2 Ba6 19. b3 Bh4 20. g3 Bxg3 21.
Nxe4 Bh4 22. Raf1 h6 23. Rxf8+ Rxf8 24. Rf1 Bc8 25. Rh1 Bf5 26. Ncd6 Bg6 27. Rf1
Bh5+ 0-1

[Event "40th World Junior Girls"]
[Site "Gandhinagar IND"]
[Date "2024.06.13"]
[Round "11.18"]
[White "Sasvatha A"]
[Black "Striskova, Lucia"]
[Result "1/2-1/2"]
[WhiteTitle "WCM"]
[WhiteElo "1825"]
[BlackElo "2023"]
[WhiteFideId "45010862"]
[BlackFideId "14960958"]
[EventDate "2024.06.02"]

1. d4 d5 2. c4 e6 3. Nc3 Nf6 4. Bg5 Nbd7 5. cxd5 exd5 6. e3 Be7 7. Bd3 c6 8. h3
O-O 9. Qc2 Re8 10. Nf3 Nf8 11. O-O g6 12. Bf4 Ne6 13. Bh2 b5 14. Ne2 Bb7 15. Nf4
Bd6 16. Nxe6 Bxh2+ 17. Kxh2 Rxe6 18. Ne5 Qd6 19. Kg1 Rc8 20. Qd1 a6 21. f4 c5
22. f5 Rxe5 23. dxe5 Qxe5 24. fxg6 hxg6 25. Qf3 Kg7 26. Qf4 Qxf4 27. Rxf4 Nh5
28. Rf2 Re8 29. Raf1 f6 30. Kh2 Rxe3 31. Rf3 Rxf3 32. Rxf3 d4 33. Rf2 g5 34. Bf5
Nf4 35. Rd2 Nd5 36. Kg1 Ne3 37. Be6 Kf8 38. b4 c4 39. Rxd4 c3 40. Rd3 c2 41. Rc3
Be4 42. Bb3 Ke7 43. a4 Kd6 44. axb5 axb5 45. Rc5 Nc4 46. Bxc2 Bxc2 47. Rxb5 Ba4
48. Rb8 Kd5 49. b5 Nd6 50. b6 Bc6 51. Rf8 Ke6 52. g4 Ke7 53. Rh8 Bb7 54. Rh7+
Nf7 55. Kf2 Kf8 56. h4 Kg8 57. Rh5 gxh4 58. Rxh4 Ne5 59. Kg3 Kg7 60. Rh2 Kg6 61.
Rc2 1/2-1/2

[Event "40th World Junior Girls"]
[Site "Gandhinagar IND"]
[Date "2024.06.13"]
[Round "11.19"]
[White "Kheerthi, Ganta"]
[Black "Marium, Fatima"]
[Result "0-1"]
[WhiteTitle "WFM"]
[WhiteElo "1987"]
[BlackElo "1905"]
[WhiteFideId "25626280"]
[BlackFideId "45073058"]
[EventDate "2024.06.02"]

1. d4 d5 2. c4 dxc4 3. Nc3 Nf6 4. e3 e6 5. Bxc4 a6 6. a4 c5 7. Nf3 Nc6 8. O-O
Be7 9. b3 cxd4 10. exd4 O-O 11. Bb2 Nb4 12. Qe2 b6 13. Rfe1 Bb7 14. Rad1 Nbd5
15. Nxd5 Bxd5 16. Qd3 a5 17. Ne5 Qc7 18. Re3 Rfd8 19. Rh3 Qb7 20. f3 h6 21. Bc1
Bxc4 22. Qxc4 Rac8 23. Qe2 Rc3 24. Rg3 Nh5 25. Rh3 Rxc1 26. Rxc1 Nf4 27. Qc4
Nxh3+ 28. gxh3 Bf6 29. Nc6 Rd5 30. Kh1 Rf5 31. Re1 Rxf3 32. d5 Rc3 33. Qg4 Rd3
34. Qe4 Rxd5 35. Rc1 Qd7 36. Rc2 Rd1+ 37. Kg2 Rd2+ 38. Kh1 Rxc2 39. Qxc2 Qd5+
40. Kg1 Bd4+ 41. Nxd4 Qxd4+ 42. Kf1 g6 43. Qc8+ Kg7 44. Qc7 e5 45. h4 h5 46. Qe7
e4 47. Kg2 Qd2+ 48. Kg1 e3 49. Qe5+ Kh7 50. Qf4 Qd1+ 51. Kg2 Qg4+ 0-1

[Event "40th World Junior Girls"]
[Site "Gandhinagar IND"]
[Date "2024.06.13"]
[Round "11.20"]
[White "Yashvi Jain"]
[Black "Bhagyashree, Patil"]
[Result "1/2-1/2"]
[BlackTitle "WFM"]
[WhiteElo "1729"]
[BlackElo "1929"]
[WhiteFideId "25984446"]
[BlackFideId "25053256"]
[EventDate "2024.06.02"]

1. d4 d5 2. Nf3 Nf6 3. Bf4 c5 4. c3 Nc6 5. e3 e6 6. Nbd2 Bd6 7. Bg3 O-O 8. Bd3
b6 9. O-O Bb7 10. Ne5 Ne7 11. Qb1 Ng6 12. f4 c4 13. Bc2 b5 14. e4 dxe4 15. Nxe4
Be7 16. Ng5 a5 17. f5 exf5 18. Bxf5 Ra6 19. Qc2 Bd5 20. Ne4 Nh5 21. Rae1 Nxg3
22. Nxg3 Bd6 23. Ne4 Bxe5 24. dxe5 Re8 25. Ng3 Qc7 26. a4 bxa4 27. Qxa4 Qc5+ 28.
Kh1 Bc6 29. Qc2 Rxe5 30. Rxe5 Qxe5 31. Qf2 Qc7 32. Nh5 Bd5 33. Re1 f6 34. Rd1
Qe5 35. Re1 Qd6 36. Qc2 Bf7 37. Rd1 Qe7 38. h3 Rd6 39. Ra1 Qe5 40. Qf2 Ne7 41.
Ng3 Rd8 42. Bc2 Ng6 43. Nf5 Re8 44. Nd4 Bd5 45. Ba4 Qe3 46. Qxe3 Rxe3 47. Bc6
Bxc6 48. Nxc6 Re2 49. Nxa5 Rxb2 50. Nxc4 Rc2 51. Ra3 h5 52. Ne3 Rc1+ 53. Kh2 Nf4
54. h4 Ng6 55. Nf5 Rf1 56. Ra8+ Kh7 57. Ra5 Ne5 58. Nd4 Rf4 59. Kg3 Re4 60. Nf5
Kg6 61. Ne7+ Kf7 62. Nf5 1/2-1/2

[Event "40th World Junior Girls"]
[Site "Gandhinagar IND"]
[Date "2024.06.13"]
[Round "11.21"]
[White "Dakshita Kumawat"]
[Black "Kanishka S"]
[Result "1/2-1/2"]
[WhiteElo "1928"]
[BlackElo "1882"]
[WhiteFideId "25944304"]
[BlackFideId "25731564"]
[EventDate "2024.06.02"]

1. d4 Nf6 2. c4 c5 3. d5 e6 4. Nc3 exd5 5. cxd5 d6 6. e4 g6 7. f4 Bg7 8. Bb5+
Nfd7 9. a4 a6 10. Be2 b6 11. Nf3 O-O 12. O-O Re8 13. Qe1 Bb7 14. Qg3 Nf6 15. Bd3
c4 16. Bc2 b5 17. Re1 b4 18. Nd1 a5 19. f5 Na6 20. fxg6 fxg6 21. Nf2 Qd7 22. Bg5
b3 23. Bd1 Nc5 24. Qh4 Qf7 25. e5 Nxd5 26. Qxc4 Ba6 27. Qd4 Rac8 28. Ng4 dxe5
29. Nfxe5 Qe6 30. Bf3 Nb4 1/2-1/2

[Event "40th World Junior Girls"]
[Site "Gandhinagar IND"]
[Date "2024.06.13"]
[Round "11.22"]
[White "Arshiya Das"]
[Black "Shanmathi Sree S"]
[Result "1-0"]
[WhiteTitle "WCM"]
[WhiteElo "1919"]
[BlackElo "1854"]
[WhiteFideId "25652150"]
[BlackFideId "25966413"]
[EventDate "2024.06.02"]

1. e4 c5 2. Nf3 d6 3. d4 cxd4 4. Nxd4 Nf6 5. Nc3 a6 6. f4 Nc6 7. Nf3 g6 8. a4
Bg7 9. Bd3 O-O 10. O-O Nd7 11. Kh1 Nc5 12. Be3 b6 13. Qe1 Bb7 14. Qf2 Rb8 15.
Rfd1 Nb4 16. Bd4 f6 17. Bc4+ Kh8 18. Qe2 Qc7 19. Nd5 Bxd5 20. exd5 b5 21. axb5
axb5 22. Bxc5 dxc5 23. Bxb5 Nxc2 24. Qxc2 Rxb5 25. Nd4 Rxb2 26. Qxb2 cxd4 27.
Qxd4 f5 28. Ra7 Qd6 29. Qc4 Bf6 30. Ra6 Qb8 31. d6 Rd8 32. h3 Kg7 33. d7 Qb7 34.
Qe6 Qb5 35. Rc6 Qa4 36. Qd5 Qxf4 37. Rc8 Rxd7 38. Rg8+ Kh6 39. Qxd7 g5 40. Qd2
Qh4 41. Rf8 f4 42. Qe2 Qg3 43. Rd3 Qh4 44. Rd6 g4 45. Rdxf6+ exf6 46. Qxg4 Qe1+
47. Kh2 Qe5 48. Rg8 f3+ 49. Qg3 f2 50. Qxe5 fxe5 51. Rf8 Kg5 52. Rxf2 e4 53. Kg3
h5 54. h4+ Kg6 55. Kf4 e3 56. Kxe3 1-0

[Event "40th World Junior Girls"]
[Site "Gandhinagar IND"]
[Date "2024.06.13"]
[Round "11.23"]
[White "Saniya Rafique Tadavi"]
[Black "Kirtadze, Anastasia"]
[Result "1/2-1/2"]
[BlackTitle "WFM"]
[WhiteElo "1754"]
[BlackElo "2142"]
[WhiteFideId "25912461"]
[BlackFideId "13622714"]
[EventDate "2024.06.02"]

1. e4 c5 2. Nf3 e6 3. d4 cxd4 4. Nxd4 Nc6 5. Nxc6 bxc6 6. Nc3 d6 7. Bd3 Nf6 8.
O-O e5 9. f4 Be7 10. f5 O-O 11. g4 Nd7 12. Be2 Nb6 13. Bf3 Bb7 14. Qe2 d5 15.
exd5 Nxd5 16. Nxd5 cxd5 17. Qxe5 Bd6 18. Qe2 Qb6+ 19. Be3 d4 20. Bf2 Rfe8 21.
Qd3 Bxf3 22. Qxf3 Qxb2 23. Qb3 Qxb3 24. axb3 Re2 25. Bxd4 Bxh2+ 26. Kh1 Rxc2 27.
Rf2 Rxf2 28. Bxf2 Bd6 29. Ra6 Bf8 30. Rxa7 Rb8 31. Rd7 Rxb3 32. Rd8 Rc3 33. g5
f6 34. g6 hxg6 35. fxg6 Rh3+ 36. Kg2 Rh6 37. Bc5 Rxg6+ 38. Kf3 Rg5 39. Rxf8+ Kh7
40. Be3 Re5 1/2-1/2

[Event "40th World Junior Girls"]
[Site "Gandhinagar IND"]
[Date "2024.06.13"]
[Round "11.24"]
[White "Grozdanovic, Anastasia"]
[Black "Kirthika, B"]
[Result "0-1"]
[WhiteTitle "WFM"]
[WhiteElo "2108"]
[BlackElo "1724"]
[WhiteFideId "979996"]
[BlackFideId "25981323"]
[EventDate "2024.06.02"]

1. d4 Nf6 2. c4 g6 3. Nc3 Bg7 4. e4 d6 5. Be2 O-O 6. Be3 e5 7. d5 Na6 8. g4 Nc5
9. f3 h5 10. g5 Nh7 11. h4 f6 12. Qd2 a5 13. Nh3 a4 14. Nf2 fxg5 15. hxg5 Bd7
16. Kd1 Qe7 17. Kc2 Rfd8 18. Rag1 Rf8 19. Rh2 Rfd8 20. Rd1 Be8 21. Rdh1 Nf8 22.
Nd3 Nxd3 23. Bxd3 Nd7 24. Be2 Bf7 25. Ra1 Nc5 26. Rhh1 Be8 27. b4 axb3+ 28. axb3
Na6 29. Kb2 c5 30. Na2 Rdb8 31. Nc3 Nc7 32. Rhb1 Na6 33. Qe1 Bd7 34. Bd2 Qd8 35.
Nb5 Bf8 36. Ba5 Qxg5 37. Bd2 Qf6 38. Qf2 Kh7 39. Rg1 Bh6 40. Bxh6 Kxh6 41. Qe3+
Kh7 42. Nc3 Nb4 43. Rae1 Rg8 44. Rg5 Raf8 45. Ra1 Qf4 46. Qxf4 Rxf4 47. Ra7 Rb8
48. Nb5 Bxb5 49. cxb5 Kh6 50. Rg2 g5 51. Kc3 h4 52. Rh2 Kh5 53. Kd2 g4 54. fxg4+
Kg5 55. Ra1 Rxe4 56. Rf2 Rd4+ 57. Kc1 Nxd5 58. Rf5+ Kg6 59. Ra4 Nc3 0-1

[Event "40th World Junior Girls"]
[Site "Gandhinagar IND"]
[Date "2024.06.13"]
[Round "11.25"]
[White "Rejepova, Jahan"]
[Black "Singgih, Diajeng Theresa"]
[Result "1-0"]
[BlackTitle "WIM"]
[WhiteElo "1816"]
[BlackElo "1918"]
[WhiteFideId "14006480"]
[BlackFideId "7104391"]
[EventDate "2024.06.02"]

1. d4 d5 2. c4 e6 3. Nc3 Nf6 4. cxd5 Nxd5 5. e4 Nxc3 6. bxc3 c5 7. Nf3 cxd4 8.
cxd4 Bb4+ 9. Bd2 Bxd2+ 10. Qxd2 O-O 11. Bc4 Nc6 12. O-O b6 13. Rfd1 Bb7 14. Rac1
Rc8 15. Qe3 Ne7 16. Nd2 a6 17. f3 Kh8 18. Nf1 b5 19. Bb3 a5 20. a3 Qd6 21. Ba2
f5 22. Nd2 Rfd8 23. Nf1 Qb6 24. Rxc8 Nxc8 25. Ng3 Nd6 26. exf5 exf5 27. Qg5 Rf8
28. Nh5 Qc7 29. Rc1 Nc4 30. Bxc4 bxc4 31. Rxc4 Qf7 32. Rc1 h6 33. Qh4 g5 34. Qh3
g4 35. Qh4 gxf3 36. Nf4 Qg7 37. Qf2 Re8 38. Rd1 Qg4 39. g3 Re2 40. Nxe2 fxe2 41.
Re1 Qe4 42. Qxe2 Qh1+ 43. Kf2 Qxh2+ 44. Ke3 Qxg3+ 45. Kd2 Be4 46. Qe3 Qh2+ 47.
Re2 Qd6 48. Rf2 Kh7 49. Qc3 h5 50. Ke1 h4 51. Qh3 Qe7 52. Qe3 Qg7 53. Rh2 Qg4
54. Qh3 Qg1+ 55. Ke2 Qxd4 56. Qxh4+ Kg8 57. Rg2+ Kf7 58. Qh7+ Ke6 59. Rg6+ Kd5
60. Qd7+ Kc4 61. Qa4+ Kc3 62. Qxa5+ Kc2 63. Qc7+ Kb2 64. Rb6+ Ka2 65. Rd6 Bd3+
66. Kd2 Qf2+ 67. Kxd3 Qf1+ 68. Kd4 Qf4+ 69. Kc5 Qe3+ 70. Kc6 Qc3+ 71. Kb7 Qb3+
72. Rb6 Qd5+ 73. Ka7 Qa5+ 74. Kb8 Qd2 75. Qc4+ Ka1 76. Qf1+ Ka2 77. Qb1+ 1-0

[Event "40th World Junior Girls"]
[Site "Gandhinagar IND"]
[Date "2024.06.13"]
[Round "11.26"]
[White "Gasparyan, Milena"]
[Black "Kriti, Mayur Patel"]
[Result "1-0"]
[BlackTitle "WCM"]
[WhiteElo "1909"]
[BlackElo "1691"]
[WhiteFideId "13311670"]
[BlackFideId "35061780"]
[EventDate "2024.06.02"]

1. e4 e5 2. Nf3 Nc6 3. Bb5 a6 4. Ba4 Nf6 5. O-O Nxe4 6. Re1 Nc5 7. Bxc6 dxc6 8.
Nxe5 Be7 9. d3 O-O 10. Nc3 Ne6 11. Be3 f6 12. Nf3 f5 13. Nd4 Nxd4 14. Bxd4 Bd6
15. Be5 f4 16. Qf3 Qg5 17. Bxd6 Bg4 18. Be7 Qh5 19. Qe4 Rf7 20. Qe5 Rf5 21. Qe6+
Rf7 22. Qe4 f3 23. Qe5 Rf5 24. Qg3 Re8 25. h3 Bxh3 26. Qxh3 Qg6 27. Bh4 Ref8 28.
g3 Qh6 29. Re7 g5 30. Qg4 Kh8 31. Qd4+ Kg8 32. Re4 Rf4 33. Rxf4 Rxf4 34. Qd8+
Rf8 35. Qxg5+ 1-0

[Event "40th World Junior Girls"]
[Site "Gandhinagar IND"]
[Date "2024.06.13"]
[Round "11.27"]
[White "Saparya Ghosh"]
[Black "Padmini S"]
[Result "1/2-1/2"]
[WhiteElo "1833"]
[BlackElo "1872"]
[WhiteFideId "25771280"]
[BlackFideId "25782738"]
[EventDate "2024.06.02"]

1. Nf3 c5 2. b3 Nc6 3. Bb2 e6 4. e3 Nf6 5. Bb5 a6 6. Bxc6 bxc6 7. O-O Be7 8. Ne5
Bb7 9. f4 d6 10. Nf3 O-O 11. Nc3 d5 12. Ne2 a5 13. Rb1 Ba6 14. Re1 Rb8 15. Ne5
Qc7 16. d3 Rb7 17. Ng3 Rfb8 18. Qf3 Bd6 19. h4 Nd7 20. Nxd7 Qxd7 21. Nh5 f6 22.
Bxf6 Bf8 23. Qg4 Qf7 24. Be5 Rd8 25. e4 Qg6 26. Qxg6 hxg6 27. Ng3 Be7 28. Kh2
Bxh4 29. Kh3 Bf6 30. exd5 exd5 31. Bxf6 gxf6 32. Re3 Kf7 33. Kg4 g5 34. f5 Rb4+
35. Kf3 Rf4+ 36. Ke2 Rh8 37. Rf3 Rh2 38. Kf2 Rhh4 39. Ne2 Rb4 40. a3 Rb8 41. Rc1
Re8 42. Nc3 Bc8 1/2-1/2

[Event "40th World Junior Girls"]
[Site "Gandhinagar IND"]
[Date "2024.06.13"]
[Round "11.28"]
[White "Jain Ashita"]
[Black "Akshaya Sathi"]
[Result "1-0"]
[WhiteElo "1744"]
[BlackElo "1833"]
[WhiteFideId "25181971"]
[BlackFideId "25130340"]
[EventDate "2024.06.02"]

1. d4 Nf6 2. c4 g6 3. Nc3 Bg7 4. e4 d6 5. Nf3 O-O 6. Be2 e5 7. O-O Nc6 8. d5 Ne7
9. Ne1 Nd7 10. Be3 f5 11. f3 f4 12. Bf2 g5 13. Rc1 Ng6 14. Nb5 Nf6 15. c5 a6 16.
cxd6 axb5 17. dxc7 Qe8 18. Qb3 Bd7 19. Nd3 g4 20. Nc5 g3 21. Be1 gxh2+ 22. Kh1
b6 23. Nxd7 Nxd7 24. Bxb5 Kh8 25. Bb4 Ne7 26. d6 Nc8 27. Bc6 Ra7 28. Qd5 Bf6 29.
a4 Rg8 30. Rc2 Rg7 31. Qb5 Qe6 32. Bd5 Qe8 33. a5 Qf8 34. Bc6 bxa5 35. Bxd7 axb4
36. Bxc8 Qxc8 37. Qb8 Ra8 38. Qxa8 Qxa8 39. c8=Q+ Rg8 40. Qxa8 Rxa8 41. Rfc1 Kg7
42. Rc8 Ra6 43. R8c6 Ra8 44. Kxh2 Kf7 45. Rc8 Ra6 46. R1c6 Rxc6 47. Rxc6 Ke6 48.
d7+ 1-0

[Event "40th World Junior Girls"]
[Site "Gandhinagar IND"]
[Date "2024.06.13"]
[Round "11.29"]
[White "Sherali Pattnaik"]
[Black "Zarkym, Ailin"]
[Result "1-0"]
[WhiteElo "1955"]
[BlackElo "1721"]
[WhiteFideId "25789449"]
[BlackFideId "13753207"]
[EventDate "2024.06.02"]

1. e4 c5 2. Nf3 d6 3. d4 cxd4 4. Nxd4 Nf6 5. Nc3 Nc6 6. Bg5 e6 7. Qd2 a6 8.
O-O-O Bd7 9. f4 Be7 10. Be2 Qc7 11. Nb3 O-O-O 12. g4 Kb8 13. f5 Ne5 14. Rhg1 Nc4
15. Qd4 Rc8 16. Bh4 Ne5 17. Bf2 Nc6 18. Qd2 b5 19. g5 b4 20. Nd5 Nxd5 21. exd5
exd5 22. Bxa6 Rce8 23. Qxd5 Bc8 24. Qb5+ Bb7 25. Bb6 Qc8 26. Bf2 Ka8 27. Bxb7+
Qxb7 28. Qa4+ Kb8 29. Rd5 Kc7 30. Rb5 Qa8 31. Bb6+ Kb7 32. Bd8+ 1-0

[Event "40th World Junior Girls"]
[Site "Gandhinagar IND"]
[Date "2024.06.13"]
[Round "11.30"]
[White "Cassi, Elisa"]
[Black "Aditri Shome"]
[Result "0-1"]
[WhiteTitle "WFM"]
[WhiteElo "2028"]
[BlackElo "1620"]
[WhiteFideId "2817220"]
[BlackFideId "25164198"]
[EventDate "2024.06.02"]

1. e4 c6 2. d4 d5 3. Nd2 dxe4 4. Nxe4 Bf5 5. Ng3 Bg6 6. c3 e6 7. Nh3 Bd6 8. Nf4
Nf6 9. h4 Bxf4 10. Bxf4 Nd5 11. Bxb8 Rxb8 12. h5 Bf5 13. Qf3 Qg5 14. Bc4 Bg4 15.
Qe4 O-O 16. Bd3 g6 17. f3 Bf5 18. Nxf5 gxf5 19. Qh4 Qe3+ 20. Be2 Nf4 21. Qf2
Nd3+ 0-1

[Event "40th World Junior Girls"]
[Site "Gandhinagar IND"]
[Date "2024.06.13"]
[Round "11.32"]
[White "Drishtee Ghosh"]
[Black "Khairmode Dhanashree"]
[Result "0-1"]
[WhiteElo "1700"]
[BlackElo "1929"]
[WhiteFideId "25164074"]
[BlackFideId "25762184"]
[EventDate "2024.06.02"]

1. e4 c5 2. Nf3 e6 3. c3 Nf6 4. Bd3 g5 5. Bc2 g4 6. Ne5 h5 7. d4 d6 8. Ba4+ Nbd7
9. Nxd7 Bxd7 10. Bg5 Be7 11. Bxd7+ Nxd7 12. Bxe7 Qxe7 13. Qd2 f5 14. Qe3 O-O 15.
exf5 Rxf5 16. O-O Raf8 17. Nd2 e5 18. dxc5 Nxc5 19. b4 Ne6 20. f3 Nf4 21. c4 b5
22. Rae1 Qg7 23. g3 Nh3+ 24. Kh1 bxc4 25. Nxc4 Rxf3 26. Rxf3 Rxf3 27. Qd2 Qf7
28. Ne3 Rxe3 29. Rc1 Rf3 30. Qe2 Rf2 31. Qd3 Qb7+ 32. Rc6 Qxc6+ 33. Qd5+ Qxd5# 0-1

[Event "40th World Junior Girls"]
[Site "Gandhinagar IND"]
[Date "2024.06.13"]
[Round "11.33"]
[White "Chinnam, Vyshnavi"]
[Black "Aswinika Mani R"]
[Result "1-0"]
[WhiteTitle "WCM"]
[WhiteElo "1830"]
[BlackElo "1751"]
[WhiteFideId "35061690"]
[BlackFideId "25611518"]
[EventDate "2024.06.02"]

1. e4 c5 2. Nc3 Nc6 3. Bb5 Nd4 4. Nf3 e6 5. O-O a6 6. Bd3 Nc6 7. b3 d6 8. Bb2
Nf6 9. Re1 e5 10. h3 Be6 11. Bc4 Be7 12. a4 h6 13. Qe2 g5 14. Nd5 Bxd5 15. Bxd5
Nb4 16. Qc4 O-O 17. Bxb7 Rb8 18. Bxa6 d5 19. exd5 Qxd5 20. Rxe5 Qd6 21. Bb5 Nfd5
22. Rxd5 Nxd5 23. Be5 Qe6 24. Bxb8 Rxb8 25. Re1 Qd6 26. d4 Nf4 27. Qxc5 Qxc5 28.
dxc5 Bxc5 29. Ne5 Rd8 30. Nd3 Ne6 31. Nxc5 Nxc5 32. Re8+ Rxe8 33. Bxe8 1-0